000 00347nam a2200145Ia 4500
008 150201s2013 xx 000 0 und d
082 _a611
_bA13S
100 _aSINGH, VISHRAM
245 _aANATOMY OF ABDOMEN & LOWER LIMB
250 _a1ST
260 _bELSVIER
_aINDIA
_c2013
300 _a1-542
650 _aHUMAN ANATOMY
942 _2ddc
_cBK
_03
999 _c1780
_d1780